[Event "DRUGA LIGA CENTRALNE SRBIJE 2013 - Istok"]
[Site "Zajecar"]
[Date "2013.10.13"]
[Round "6.11"]
[White "Raicevic, Ivica"]
[Black "Garic, Radomir"]
[Result "0-1"]
[WhiteElo "2264"]
[BlackElo "2261"]
[PlyCount "0"]
[EventDate "2013.10.10"]

1.c4 c5 2.Nc3 Nc6 3.Nf3 g6 4.g3 Bg7 5.Bg2 Nf6 6.O-O O-O 7.a3
a6 8.Rb1 Rb8 9.b4 cxb4 10.axb4 b5 11.c5 a5 12.Ba3 d5 13.d4 Ne4
14.Nxe4 dxe4 15.Ng5 Nxd4 16.e3 axb4 17.Bxb4 Nc6 18.Qb3 h6 19.Nxe4
Be6 20.Qc2 Nxb4 21.Rxb4 Qa5 22.Rbb1 b4 23.c6 Rfc8 24.Nc5 Bf5
25.Ne4 Qb6 26.Rfc1 b3 27.Qc5 b2 28.Rc2 Qxc5 29.Rxc5 Ra8 30.Rd5 0-1

[Event "DRUGA LIGA CENTRALNE SRBIJE 2013 - Istok"]
[Site "Zajecar"]
[Date "2013.10.13"]
[Round "6.12"]
[White "Cvetanovic, Uros **"]
[Black "Dmitrovic, Tomislav"]
[Result "1/2-1/2"]
[WhiteElo "2285"]
[BlackElo "2249"]
[PlyCount "0"]
[EventDate "2013.10.10"]

1.e4 d6 2.d4 Nf6 3.Nc3 e5 4.dxe5 dxe5 5.Qxd8+ Kxd8 6.Bg5 Be6
7.O-O-O+ Nbd7 8.f4 exf4 9.Nge2 Be7 10.Nxf4 Ng4 11.Bxe7+ Kxe7
12.Ncd5+ Kd8 13.Nxe6+ fxe6 14.Nf4 Ke7 15.Rd2 Nge5 16.g3 g5 17.Nd3
Raf8 18.Bg2 c5 19.Rhd1 Rd8 20.Nxe5 Nxe5 21.Rxd8 Rxd8 22.Rxd8
Kxd8 23.b3 Ke7 24.Kd2 1/2-1/2

[Event "DRUGA LIGA CENTRALNE SRBIJE 2013 - Istok"]
[Site "Zajecar"]
[Date "2013.10.13"]
[Round "6.13"]
[White "Markovic, Marko"]
[Black "Djokic, Nebojsa"]
[Result "0-1"]
[WhiteElo "2292"]
[BlackElo "2193"]
[PlyCount "0"]
[EventDate "2013.10.10"]

1.e4 c5 2.Nc3 Nc6 3.f4 g6 4.Nf3 Bg7 5.Bc4 e6 6.O-O Nge7 7.d3
d5 8.Bb5 O-O 9.Bxc6 Nxc6 10.Rb1 Rb8 11.e5 b5 12.d4 cxd4 13.Nxd4
Nxd4 14.Qxd4 b4 15.Na4 Ba6 16.Rf2 Qa5 17.b3 Rfc8 18.Qxa7 Bf8
19.Be3 Rb7 20.Qd4 Bb5 21.f5 Bxa4 22.fxg6 fxg6 23.bxa4 Rc4 24.Qd2
Qxa4 25.Rbf1 Rc8 26.Bh6 Bc5 27.Be3 d4 28.Bh6 d3 29.cxd3 Qa7 30.Kh1
Bxf2 31.Rxf2 Rf7 32.Rxf7 Qxf7 33.h3 Qf5 34.Qxb4 Qxe5 35.Qb7 Rb8 0-1

[Event "DRUGA LIGA CENTRALNE SRBIJE 2013 - Istok"]
[Site "Zajecar"]
[Date "2013.10.13"]
[Round "6.14"]
[White "Djukic, Slobodan D"]
[Black "Trifunovic, Miroljub"]
[Result "1/2-1/2"]
[WhiteElo "2188"]
[BlackElo "2263"]
[PlyCount "0"]
[EventDate "2013.10.10"]

1.e4 e5 2.Nf3 Nc6 3.Bb5 a6 4.Ba4 Nf6 5.O-O b5 6.Bb3 Bc5 7.d3
d6 8.c3 h6 9.h3 O-O 10.Re1 Bb7 11.Nbd2 Bb6 12.Nf1 d5 13.Qe2 Re8
14.Ng3 Na5 15.Bc2 c5 16.b3 c4 17.Bb2 dxe4 18.dxe4 cxb3 19.axb3
Qc7 20.Nd2 Nc6 21.Ndf1 b4 22.Bd3 bxc3 23.Bxc3 Bd4 24.Rac1 Bxc3
25.Rxc3 Qb6 26.Rec1 Nd4 27.Qd1 Rad8 28.Qe1 Bc6 29.Qe3 Qb7 30.Nd2
Bb5 31.Nc4 Qe7 32.Na5 Qb4 33.Bxb5 Qxb5 34.Rc5 Qb6 35.Nc6 Nxc6
36.Rxc6 Qxe3 37.fxe3 Rd3 38.R6c3 Rxc3 39.Rxc3 Rb8 40.Kf2 Rb6
41.Kf3 g6 42.Nf1 Rd6 43.Rc5 Rd3 44.Rxe5 Rxb3 45.Ra5 Rb6 46.Nd2
Re6 47.e5 Nd7 48.Kf4 f6 49.exf6 Nxf6 50.g4 Kf7 51.e4 Nd7 52.e5
Rc6 1/2-1/2

[Event "DRUGA LIGA CENTRALNE SRBIJE 2013 - Istok"]
[Site "Zajecar"]
[Date "2013.10.13"]
[Round "6.15"]
[White "Zafirovski, Mite"]
[Black "Madjar, Stanislav"]
[Result "1/2-1/2"]
[WhiteElo "2256"]
[BlackElo "2181"]
[PlyCount "0"]
[EventDate "2013.10.10"]

1.d4 Nf6 2.c4 e6 3.g3 Bb4+ 4.Bd2 Qe7 5.Nf3 Nc6 6.Nc3 Bxc3 7.Bxc3
Ne4 8.Rc1 O-O 9.Bg2 Nxc3 10.Rxc3 d6 11.d5 Nb8 12.dxe6 fxe6 13.O-O
Nd7 14.Nd4 c6 15.Nc2 Nf6 16.e4 e5 17.Ne3 Be6 18.Rd3 Rad8 19.b4
Qf7 20.Rxd6 Rxd6 21.Qxd6 Bxc4 22.Nxc4 Qxc4 23.Bh3 Re8 24.f3 Qxa2
25.Bd7 Nxd7 26.Qxd7 Qf7 27.Rd1 h6 28.Qg4 Re7 29.Rd6 Kh7 30.Kg2
a5 31.bxa5 c5 32.h4 h5 33.Qf5+ Qxf5 34.exf5 Rc7 35.Rd3 c4 36.Rc3
Kg8 37.Kf2 Kf7 38.Ke3 Rc5 39.Ke4 Kf6 40.g4 g6 41.g5+ Kf7 42.fxg6+
Kxg6 43.f4 exf4 44.Kxf4 Rxa5 45.Rxc4 Rf5+ 46.Ke4 Rf1 47.Rb4 Re1+
48.Kf4 Rf1+ 49.Ke5 Re1+ 50.Kf4 Rf1+ 51.Ke3 Re1+ 52.Kf2 Rh1 53.Kg2
Rc1 54.Rxb7 Rc2+ 55.Kf3 Rc3+ 56.Ke2 Rc4 57.Rb6+ Kg7 1/2-1/2

[Event "DRUGA LIGA CENTRALNE SRBIJE 2013 - Istok"]
[Site "Zajecar"]
[Date "2013.10.13"]
[Round "6.16"]
[White "Mickovic, Slavisa"]
[Black "Lazovic, Bozidar **"]
[Result "1-0"]
[WhiteElo "2119"]
[BlackElo "1829"]
[PlyCount "0"]
[EventDate "2013.10.10"]

1.d4 d5 2.c4 e5 3.Nc3 dxc4 4.d5 c6 5.e4 Nf6 6.Bg5 cxd5 7.Nxd5
Be7 8.Bxf6 Bxf6 9.Bxc4 O-O 10.Ne2 Nc6 11.O-O Bg4 12.f3 Be6 13.Kh1
Bxd5 14.Bxd5 Qb6 15.Bxc6 Qxc6 16.Nc3 Bg5 17.Qe2 Rac8 18.Rad1
Rfd8 19.Rd5 Rxd5 20.exd5 Qc4 21.Qxc4 Rxc4 22.Re1 Bf6 23.g4 Kf8
24.Kg2 Rd4 25.Rd1 Rxd1 26.Nxd1 Bg5 27.Nc3 Bc1 28.b3 Bb2 29.Ne4
Ke7 30.Kf2 h6 31.Ke2 Bd4 32.Kd3 b5 33.a4 a6 34.axb5 axb5 35.f4
g6 36.f5 gxf5 37.gxf5 Bg1 38.h3 Bd4 39.Ke2 h5 40.Kf3 Kf8 41.Ng3
h4 42.Ne4 Bg1 43.Kg4 Kg7 44.Kxh4 Kh6 45.Kg4 Kg7 46.h4 Be3 47.f6+
Kg6 48.h5+ Kh6 49.Kf5 Kxh5 50.Nd6 Bc1 51.Nxf7 e4 52.Kxe4 1-0

[Event "DRUGA LIGA CENTRALNE SRBIJE 2013 - Istok"]
[Site "Zajecar"]
[Date "2013.10.13"]
[Round "6.17"]
[White "Popovic, Branislav **"]
[Black "Milosevic, Jovana **"]
[Result "0-1"]
[WhiteElo "1774"]
[BlackElo "1931"]
[PlyCount "0"]
[EventDate "2013.10.10"]

1.d4 d5 2.Bf4 Nf6 3.e3 e6 4.Nf3 Be7 5.Bd3 O-O 6.Nbd2 Nbd7 7.c3
c5 8.O-O Nh5 9.Bg3 Nxg3 10.hxg3 Bd6 11.Qc2 h6 12.e4 dxe4 13.Nxe4
Be7 14.Rad1 Qc7 15.c4 cxd4 16.Nxd4 a6 17.a3 Ne5 18.Be2 b6 19.f4
Nd7 20.Bf3 Bb7 21.b4 Rac8 22.Rc1 Rfd8 23.Qe2 Ne5 24.Nd2 Rxd4
25.Bxb7 Qxb7 26.fxe5 Bg5 27.Nf3 Re4 28.Qc2 Bxc1 29.Rxc1 b5 30.c5
Rc4 31.Qd2 Rxc1+ 32.Qxc1 Qd5 33.Qc3 Rd8 34.Kf2 Qe4 35.Nd2 Qd3
36.Qxd3 Rxd3 37.Ne4 Kf8 38.c6 Ke7 39.c7 Kd7 40.Nc5+ Kxc7 41.Nxd3
Kc6 42.Ke3 Kd5 43.Nb2 Kxe5 44.a4 bxa4 45.Nxa4 Kd5 46.Kd3 e5 47.Nc3+
Kc6 48.Ke4 Kd6 49.Kf5 h5 50.Ke4 g6 51.Kd3 f5 52.Kc4 g5 0-1

[Event "DRUGA LIGA CENTRALNE SRBIJE 2013 - Istok"]
[Site "Zajecar"]
[Date "2013.10.13"]
[Round "6.18"]
[White "Ilic, Aleksandar"]
[Black "Turudic, Nenad"]
[Result "1/2-1/2"]
[WhiteElo "2120"]
[BlackElo "2207"]
[PlyCount "0"]
[EventDate "2013.10.10"]

1.e4 e5 2.Nf3 Nc6 3.d4 exd4 4.Bc4 Nf6 5.e5 d5 6.Bb5 Ne4 7.Nxd4
Bd7 8.Bxc6 bxc6 9.O-O Bc5 10.Be3 Bb6 11.f3 Ng5 12.f4 Ne4 13.Nc3
Nxc3 14.bxc3 Qe7 15.a4 Ba5 16.Qe1 c5 17.Nb3 c4 18.Nd4 c5 19.Nf3
O-O 20.Qf2 Rfc8 21.Rfd1 Be6 22.Nh4 Bd8 23.g3 d4 24.cxd4 Bg4 25.Rdb1
cxd4 26.Bxd4 Qd7 27.Ng2 c3 28.Ne3 Qxd4 29.Nxg4 Qc4 30.Qf3 Be7
31.Ne3 Bc5 32.Kg2 Bxe3 33.Qxe3 Rd8 34.Rd1 Rxd1 35.Rxd1 Qxa4 36.Qxc3
Qe4+ 37.Kf2 h6 38.Qd3 Qc6 39.c4 Rc8 40.Rc1 Qb6+ 41.Kf3 a5 42.Qc3
Qc5 43.h4 Rb8 44.Qd3 1/2-1/2

[Event "DRUGA LIGA CENTRALNE SRBIJE 2013 - Istok"]
[Site "Zajecar"]
[Date "2013.10.13"]
[Round "6.21"]
[White "Radosavljevic, Slobodan D"]
[Black "Popchev, Milko"]
[Result "1-0"]
[WhiteElo "2213"]
[BlackElo "2413"]
[PlyCount "0"]
[EventDate "2013.10.10"]

1.g3 d5 2.Bg2 c6 3.Nf3 Nf6 4.O-O Bf5 5.d3 h6 6.c4 e6 7.b3 Be7
8.Bb2 O-O 9.Nbd2 Bh7 10.Qc2 a5 11.a3 c5 12.Ne5 Nc6 13.Ndf3 Qb6
14.Rfb1 Rfd8 15.Bc3 Rac8 16.Qb2 Qc7 17.Rc1 d4 18.Nxc6 bxc6 19.Be1
e5 20.b4 cxb4 21.axb4 axb4 22.Bxb4 Rb8 23.Ba5 Qd6 24.Qd2 e4 25.c5
Qd7 26.Ne5 Qe8 27.Bxd8 Bxd8 28.Nc4 Bc7 29.Nd6 Qe7 30.dxe4 Bxd6
31.cxd6 Qxd6 32.Ra6 Bg6 33.Raxc6 1-0

[Event "DRUGA LIGA CENTRALNE SRBIJE 2013 - Istok"]
[Site "Zajecar"]
[Date "2013.10.13"]
[Round "6.22"]
[White "Kostic, Nebojsa"]
[Black "Stefanovic, Vladimir"]
[Result "1-0"]
[WhiteElo "2284"]
[BlackElo "2200"]
[PlyCount "0"]
[EventDate "2013.10.10"]

1.c4 Nf6 2.Nc3 g6 3.g3 Bg7 4.Bg2 O-O 5.Rb1 d6 6.b4 e5 7.d3 a6
8.a4 Nh5 9.Nf3 h6 10.O-O f5 11.Qb3 Kh7 12.Nd2 Nc6 13.Bb2 Rb8
14.Nd5 Nd4 15.Bxd4 exd4 16.b5 axb5 17.axb5 Nf6 18.Ra1 Be6 19.Nxf6+
Bxf6 20.Ra7 Bc8 21.Rfa1 Re8 22.Kf1 Qe7 23.Qd1 Kh8 24.Nb3 f4 25.Na5
Bg4 26.Bf3 Bxf3 27.exf3 fxg3 28.hxg3 Qe6 29.Kg2 Qc8 30.f4 d5
31.Qf3 dxc4 32.Nxc4 Qf5 33.b6 Re7 34.Ra8 Qc8 35.Rxb8 Qxb8 36.f5
gxf5 37.Qxf5 Bg7 38.bxc7 Rxc7 39.Nb6 1-0

[Event "DRUGA LIGA CENTRALNE SRBIJE 2013 - Istok"]
[Site "Zajecar"]
[Date "2013.10.13"]
[Round "6.23"]
[White "Komnenic, Branko"]
[Black "Djordjevic, Nebojsa"]
[Result "0-1"]
[WhiteElo "2276"]
[BlackElo "2251"]
[PlyCount "0"]
[EventDate "2013.10.10"]

1.d4 d5 2.Bf4 c6 3.e3 Nf6 4.c4 e6 5.Nc3 Be7 6.h3 O-O 7.Nf3 dxc4
8.Bxc4 Nd5 9.Bg3 b5 10.Bd3 Nxc3 11.bxc3 Bb7 12.O-O Nd7 13.Qc2
h6 14.a4 a6 15.Rfb1 Qc8 16.Nd2 Nb6 17.a5 Nd7 18.c4 Rd8 19.c5
e5 20.Bf5 exd4 21.exd4 Re8 22.Ne4 g6 23.Bg4 f5 24.Nd6 Bxd6 25.Bxd6
Nf6 26.Bf3 Qe6 27.Qd2 Kh7 28.Re1 Qf7 29.h4 Ne4 30.Bxe4 Rxe4 31.Rxe4
fxe4 32.Re1 Re8 33.Be5 Qf5 34.Qe3 Rf8 35.Bg3 Kg7 36.Qxe4 Qxe4
37.Rxe4 Bc8 38.Be5+ Kf7 39.Bf4 Bf5 40.Re5 Rd8 41.d5 Rxd5 42.Rxd5
cxd5 43.Bxh6 Ke6 44.Bg7 d4 45.Bxd4 Kd5 46.Be3 b4 47.f3 b3 48.Bc1
Kxc5 49.g4 Be6 50.Kf2 Kb4 51.Ke3 Kxa5 52.Ke4 Kb5 53.Ke5 Bg8 54.h5
gxh5 55.gxh5 a5 56.h6 a4 57.Kf6 Bh7 58.Kg7 Bd3 59.h7 Bxh7 60.Kxh7
a3 0-1

[Event "DRUGA LIGA CENTRALNE SRBIJE 2013 - Istok"]
[Site "Zajecar"]
[Date "2013.10.13"]
[Round "6.24"]
[White "Djordjevic, Vuk **"]
[Black "Popovic, Djordje D"]
[Result "0-1"]
[WhiteElo "2123"]
[BlackElo "2228"]
[PlyCount "0"]
[EventDate "2013.10.10"]

1.d4 Nf6 2.Bg5 c5 3.Bxf6 gxf6 4.d5 Qb6 5.Qc1 Bh6 6.e3 d6 7.c4
Nd7 8.Nf3 Ne5 9.Nxe5 fxe5 10.Bd3 f5 11.Nc3 Bd7 12.Qc2 e4 13.Be2
O-O-O 14.O-O-O Qa5 15.Kb1 Rdf8 16.a3 Bg7 17.Rc1 Kc7 18.Nb5+ Kb8
19.Qb3 a6 20.Nc3 Kc7 21.g3 Rb8 22.Rhg1 b5 23.cxb5 axb5 24.Na2
Bf6 25.Nb4 Kd8 26.Nc6+ Bxc6 27.dxc6 Kc7 28.Qe6 Rhd8 29.Qb3 b4
30.a4 d5 0-1

[Event "DRUGA LIGA CENTRALNE SRBIJE 2013 - Istok"]
[Site "Zajecar"]
[Date "2013.10.13"]
[Round "6.25"]
[White "Illijin, Neboisa"]
[Black "Petrov, Georgi"]
[Result "1-0"]
[WhiteElo "2166"]
[BlackElo "2219"]
[PlyCount "0"]
[EventDate "2013.10.10"]

1.e4 e6 2.d4 d5 3.exd5 exd5 4.Bd3 Bd6 5.Nc3 c6 6.Nge2 Bg4 7.f3
Bh5 8.Bf4 Bg6 9.Bxd6 Qxd6 10.Qd2 Nd7 11.O-O-O Ngf6 12.Qe3+ Kd8
13.Qf4 Qxf4+ 14.Nxf4 Re8 15.Rde1 Kc7 16.Bxg6 hxg6 17.Kd2 Kd6
18.Nd3 Rxe1 19.Rxe1 Re8 20.Rxe8 Nxe8 21.g4 g5 22.Ke3 Nc7 23.Ne2
Ne6 24.Ng3 g6 25.f4 gxf4+ 26.Nxf4 Ndf8 27.h4 Nxf4 28.Kxf4 Ne6+
29.Ke3 Ke7 30.c3 Kf6 31.b3 Kg7 32.c4 Nc7 33.Ne2 f6 34.Nc3 Kf7
35.a4 Kg7 36.a5 Kf7 37.Na4 dxc4 38.bxc4 Ne8 39.d5 cxd5 40.cxd5
Ke7 41.Kd4 Nc7 42.Nc3 Kd7 43.Ne4 Ne8 44.h5 gxh5 45.gxh5 Ng7 46.Ng3
Ne8 47.Nf5 1-0

[Event "DRUGA LIGA CENTRALNE SRBIJE 2013 - Istok"]
[Site "Zajecar"]
[Date "2013.10.13"]
[Round "6.26"]
[White "Djukic, Nebojsa"]
[Black "Ivic, Matija **"]
[Result "1/2-1/2"]
[WhiteElo "2177"]
[BlackElo "1923"]
[PlyCount "0"]
[EventDate "2013.10.10"]

1.e4 c5 2.c4 Nc6 3.Ne2 g6 4.d4 cxd4 5.Nxd4 Bg7 6.Be3 Nf6 7.Nc3
d6 8.Be2 O-O 9.O-O Bd7 10.Qd2 Nxd4 11.Bxd4 a5 12.b3 Bc6 13.f3
Nd7 14.Be3 Nc5 15.Rac1 Qb6 16.Nd5 Bxd5 17.cxd5 Rfd8 18.Rc2 h5
19.Rfc1 Kh7 20.Kf1 Qb4 21.Rc4 Qxd2 22.Bxd2 b5 23.R4c2 b4 24.Bb5
Ra7 25.Ke2 Rb8 26.Bc6 Bh6 27.Bxh6 Kxh6 28.Rc4 Kg7 29.Ke3 a4 30.bxa4
Nxa4 31.Bxa4 Rxa4 32.R1c2 Rba8 33.Rb2 Ra3+ 34.Kf4 R3a4 35.h4
Rxa2 1/2-1/2

[Event "DRUGA LIGA CENTRALNE SRBIJE 2013 - Istok"]
[Site "Zajecar"]
[Date "2013.10.13"]
[Round "6.27"]
[White "Ljuboja, Ognjen **"]
[Black "Stoimenov, Roki"]
[Result "0-1"]
[WhiteElo "1810"]
[BlackElo "2053"]
[PlyCount "0"]
[EventDate "2013.10.10"]

1.e4 e6 2.d4 d5 3.Nc3 dxe4 4.Nxe4 Bd7 5.Bd3 Bc6 6.Nf3 Nd7 7.Qe2
Bxe4 8.Bxe4 c6 9.Bd2 Ngf6 10.Bd3 Bd6 11.c4 O-O 12.Ne5 Nxe5 13.dxe5
Bxe5 14.Bxh7+ Kxh7 15.Qxe5 Qd3 16.Qe2 Rfd8 17.Bg5 Qxe2+ 18.Kxe2
Rd4 19.Bxf6 gxf6 20.b3 Rad8 21.Rhd1 c5 22.Rxd4 cxd4 23.c5 e5
24.Kd3 f5 25.f3 Kg6 26.b4 Kg5 27.g3 Kf6 28.Rc1 Ke6 29.c6 bxc6
30.Rxc6+ Kd5 31.Rc5+ Kd6 32.f4 f6 33.a4 Rh8 34.Rc2 Rb8 35.Rc4
a5 36.b5 Kd5 37.Rc6 e4+ 38.Ke2 Rh8 39.h4 d3+ 40.Kd2 Rg8 41.Rxf6
Rxg3 42.Rxf5+ Kd4 0-1

[Event "DRUGA LIGA CENTRALNE SRBIJE 2013 - Istok"]
[Site "Zajecar"]
[Date "2013.10.13"]
[Round "6.28"]
[White "Bozilov, Dragan **"]
[Black "Milic, Ivica"]
[Result "1-0"]
[WhiteElo "1925"]
[BlackElo "2013"]
[PlyCount "0"]
[EventDate "2013.10.10"]

1.d4 d5 2.c4 c6 3.Nf3 Nf6 4.Nc3 e6 5.cxd5 exd5 6.Bg5 Be7 7.e3
Bf5 8.Bd3 Bxd3 9.Qxd3 Nbd7 10.O-O O-O 11.Rab1 a5 12.Rfe1 Re8
13.Nd2 h6 14.Bh4 Ne4 15.Bxe7 Qxe7 16.Ncxe4 dxe4 17.Qb3 Nf6 18.Rbc1
a4 19.Qc2 a3 20.Rb1 Nd5 21.Qb3 Qb4 22.Qxb4 Nxb4 23.bxa3 Nd3 24.Red1
Rxa3 25.Rxb7 Rxa2 26.g4 Rc2 27.h3 Nb2 28.Rb1 Rxd2 29.R7xb2 Rxb2
30.Rxb2 Re7 31.Rc2 Re6 32.Kg2 Kf8 33.Kg3 Ke7 34.Rc5 g5 35.f4
exf3 36.Kxf3 f6 37.Ra5 Kf7 38.e4 Rd6 39.Ke3 Rd7 40.Rc5 Rd6 41.Kd3
Kg6 42.Ra5 Rd7 43.Ra6 Rc7 44.Kc4 Re7 45.Kd3 Rc7 46.e5 fxe5 47.d5
Kf7 48.Rxc6 Ra7 49.Ke4 h5 50.Kxe5 hxg4 51.hxg4 Ra4 52.Kf5 Ke8
53.Rc7 1-0

[Event "DRUGA LIGA CENTRALNE SRBIJE 2013 - Istok"]
[Site "Zajecar"]
[Date "2013.10.13"]
[Round "6.31"]
[White "Dinic, Dragan"]
[Black "Blagojevic, Vladan"]
[Result "1/2-1/2"]
[WhiteElo "2309"]
[BlackElo "2148"]
[PlyCount "0"]
[EventDate "2013.10.10"]

1.e4 c5 2.Nf3 Nc6 3.c3 g6 4.Bc4 Bg7 5.O-O e6 6.Qe2 d6 7.d3 Nge7
8.Bb3 O-O 9.Rd1 d5 10.d4 cxd4 11.cxd4 dxe4 12.Qxe4 Na5 13.Bc2
Nc4 14.Nc3 Nd6 15.Qe2 Qa5 16.Bf4 Ne8 17.Be5 Nf6 18.Bb3 Rd8 19.Rac1
b6 20.Qd2 Bb7 21.Qe2 Rac8 22.h3 Ned5 23.Ne4 Nxe4 24.Bxg7 Nf4
25.Qe3 Nxh3+ 26.gxh3 Kxg7 27.Ne5 Qb4 28.Rxc8 Rxc8 29.Ng4 Qe7
30.d5 Nf6 31.Qh6+ Kg8 32.Qg5 Nxd5 33.Rxd5 Qxg5 34.Rxg5 Rc1+ 35.Kh2
Kg7 1/2-1/2

[Event "DRUGA LIGA CENTRALNE SRBIJE 2013 - Istok"]
[Site "Zajecar"]
[Date "2013.10.13"]
[Round "6.32"]
[White "Radovanovic, Nikola **"]
[Black "Panic, Milan"]
[Result "1/2-1/2"]
[WhiteElo "2295"]
[BlackElo "2281"]
[PlyCount "0"]
[EventDate "2013.10.10"]

1.e4 e5 2.Nf3 Nc6 3.d4 exd4 4.Nxd4 Nf6 5.Nc3 Bb4 6.Nxc6 bxc6
7.Bd3 d5 8.exd5 cxd5 9.O-O O-O 10.Bg5 c6 11.Qf3 h6 12.Bf4 Bd6
13.Bxd6 Qxd6 14.h3 Be6 15.Rfe1 Rab8 16.b3 c5 17.Rad1 Qc7 18.Ne2
c4 19.Bf5 Bxf5 20.Qxf5 Rfd8 21.Rd4 Re8 22.Qf4 Qa5 23.Ra1 1/2-1/2

[Event "DRUGA LIGA CENTRALNE SRBIJE 2013 - Istok"]
[Site "Zajecar"]
[Date "2013.10.13"]
[Round "6.33"]
[White "Dodic, Dragan"]
[Black "Radovic, Luka **"]
[Result "1/2-1/2"]
[WhiteElo "2077"]
[BlackElo "2089"]
[PlyCount "0"]
[EventDate "2013.10.10"]

1.Nf3 d5 2.d4 Nf6 3.c4 c6 4.Nc3 e6 5.cxd5 exd5 6.Qc2 Nbd7 7.Bg5
Be7 8.e3 O-O 9.Bd3 Re8 10.h3 Nf8 11.Ne5 N6d7 12.Bxe7 Qxe7 13.Nxd7
Bxd7 14.O-O Qg5 15.Kh2 f5 16.Ne2 Ng6 17.Qc5 Re6 18.Qa5 Rf8 19.Qc7
Bc8 20.Qg3 Qf6 21.Qf3 Qe7 22.g3 Qb4 23.Rab1 Ne7 24.h4 Rh6 25.Kg2
Qd6 26.Nf4 Ng6 27.Rh1 Nxf4+ 28.Qxf4 Rg6 29.Qe5 Re6 30.Qf4 Re4
31.Qg5 Qf6 32.Be2 h6 33.Qh5 Re7 1/2-1/2

[Event "DRUGA LIGA CENTRALNE SRBIJE 2013 - Istok"]
[Site "Zajecar"]
[Date "2013.10.13"]
[Round "6.34"]
[White "Djuretanovic, Ivan"]
[Black "Rasic, Jovan **"]
[Result "1-0"]
[WhiteElo "2033"]
[BlackElo "2114"]
[PlyCount "0"]
[EventDate "2013.10.10"]

1.e4 g6 2.d4 Bg7 3.f4 d5 4.e5 h5 5.Nf3 Nh6 6.Be3 Bf5 7.h3 e6
8.Bf2 O-O 9.c3 Nd7 10.Na3 Rc8 11.Nc2 c5 12.Bd3 cxd4 13.Ncxd4
Bxd3 14.Qxd3 Nc5 15.Qe2 Ne4 16.Bh4 Qb6 17.Bf2 Nxf2 18.Qxf2 a6
19.O-O Rc4 20.Rab1 Rfc8 21.Kh2 Bf8 22.Qh4 Qd8 23.Qg3 Nf5 24.Nxf5
exf5 25.e6 Kg7 26.exf7 Qf6 27.Ng5 d4 28.cxd4 Rxd4 29.Rbe1 Rc6
30.Re8 Rd8 31.Rfe1 Rcd6 32.Rxd8 1-0

[Event "DRUGA LIGA CENTRALNE SRBIJE 2013 - Istok"]
[Site "Zajecar"]
[Date "2013.10.13"]
[Round "6.36"]
[White "Dragojevic, Dragan"]
[Black "Mijovic, Cedomir"]
[Result "1-0"]
[WhiteElo "1960"]
[BlackElo "2017"]
[PlyCount "0"]
[EventDate "2013.10.10"]

1.e4 c5 2.f4 Nc6 3.Nf3 e6 4.Be2 d5 5.e5 f6 6.d3 Qc7 7.O-O f5
8.c3 Be7 9.Na3 a6 10.Nc2 b5 11.Qe1 g6 12.Be3 Nh6 13.h3 Nf7 14.Qf2
Ncd8 15.Rfc1 Bd7 16.b4 Rc8 17.bxc5 Bxc5 18.Bxc5 Qxc5 19.Qxc5
Rxc5 20.Nb4 a5 21.Na6 Rc6 22.Nb8 Rb6 23.Nxd7 Kxd7 24.Rab1 Nc6
25.c4 dxc4 26.dxc4 b4 27.Bd1 Kc7 28.Ba4 Rd8 29.Rd1 Nb8 30.c5
Rxd1+ 31.Rxd1 Rb7 32.Nd4 Na6 33.c6 Ra7 34.Nb5+ 1-0

[Event "DRUGA LIGA CENTRALNE SRBIJE 2013 - Istok"]
[Site "Zajecar"]
[Date "2013.10.13"]
[Round "6.37"]
[White "Milutinovic, Bojan"]
[Black "Mitic, Zoran"]
[Result "1/2-1/2"]
[WhiteElo "1766"]
[BlackElo "1933"]
[PlyCount "0"]
[EventDate "2013.10.10"]

1.e4 e6 2.d4 d5 3.Nc3 Nf6 4.Bg5 Be7 5.e5 Nfd7 6.h4 a6 7.Nf3 c5
8.Qd2 Nc6 9.Bxe7 Qxe7 10.dxc5 Nxc5 11.Bd3 h5 12.a3 1/2-1/2

[Event "DRUGA LIGA CENTRALNE SRBIJE 2013 - Istok"]
[Site "Zajecar"]
[Date "2013.10.13"]
[Round "6.38"]
[White "Radovic, Janko **"]
[Black "Dinic, Vojislav"]
[Result "1-0"]
[WhiteElo "2077"]
[BlackElo "1968"]
[PlyCount "0"]
[EventDate "2013.10.10"]

1.e4 g6 2.d4 Bg7 3.Nc3 d6 4.Bc4 a6 5.a4 b6 6.Be3 Bb7 7.Nge2 Nd7
8.O-O Ngf6 9.Ng3 h5 10.f3 c6 11.Bb3 Qc7 12.f4 Ng4 13.Bf2 c5 14.Nge2
Nxf2 15.Rxf2 cxd4 16.Nxd4 Qc5 17.Nf3 Nf6 18.Ng5 Ng4 19.Bxf7+
Kd7 20.Be6+ Ke8 21.Bf7+ Kd7 22.Be6+ Ke8 23.Bxg4 Bd4 24.Be6 Bxf2+
25.Kh1 Rf8 26.Nd5 Rb8 27.f5 Bxd5 28.Bxd5 Qd4 29.Bc6+ 1-0

[Event "DRUGA LIGA CENTRALNE SRBIJE 2013 - Istok"]
[Site "Zajecar"]
[Date "2013.10.13"]
[Round "6.53"]
[White "Petrovic, Dragan R"]
[Black "Vranjanac, Cedomir"]
[Result "1/2-1/2"]
[WhiteElo "2202"]
[BlackElo "1825"]
[PlyCount "0"]
[EventDate "2013.10.10"]

1.e4 d5 2.exd5 Qxd5 3.d4 c6 4.c4 Qd6 5.Nc3 Nf6 6.h3 Bf5 7.Nf3
e6 8.Be2 Nbd7 9.O-O Be7 10.Nh4 Ne4 11.Nxf5 exf5 12.Bf3 Ndf6 1/2-1/2

[Event "DRUGA LIGA CENTRALNE SRBIJE 2013 - Istok"]
[Site "Zajecar"]
[Date "2013.10.13"]
[Round "6.61"]
[White "Urosevic, Goran"]
[Black "Trailovic, Mile"]
[Result "1-0"]
[WhiteElo "2239"]
[BlackElo "2149"]
[PlyCount "0"]
[EventDate "2013.10.10"]

1.d4 Nf6 2.c4 g6 3.Nc3 Bg7 4.e4 d6 5.Nf3 O-O 6.Be2 b6 7.O-O Bb7
8.Qc2 h6 9.h3 Nc6 10.Be3 Nd7 11.Qd2 Kh7 12.d5 Nb4 13.a3 Na6 14.b4
e5 15.Ne1 Nab8 16.Rb1 Ba6 17.Nc2 f5 18.exf5 gxf5 19.f4 Qe7 20.Rbe1
Rf7 21.Bd3 e4 22.Bd4 Qh4 23.Be2 Bxd4+ 24.Qxd4 Nf8 25.Kh2 Rg7
26.Qe3 Nbd7 27.Nd4 Qf6 28.g4 fxg4 29.Nxe4 Qf7 30.hxg4 Re8 31.Bd3
Kg8 32.Qh3 Rxe4 33.Rxe4 Nf6 34.Nf5 Nxg4+ 35.Qxg4 Rxg4 36.Nxh6+
Kg7 37.Nxf7 Kxf7 38.Re3 Bc8 39.f5 Nd7 40.Be2 Rg5 41.Rg3 Rxg3
42.Kxg3 Nf6 43.Kf4 a6 44.Rh1 Kg7 45.Bd3 Bd7 46.Kg5 Ng8 47.f6+
Nxf6 48.Rh6 Ng4 49.Rh7+ Kf8 50.Rxd7 Ne5 51.Bf5 1-0

[Event "DRUGA LIGA CENTRALNE SRBIJE 2013 - Istok"]
[Site "Zajecar"]
[Date "2013.10.13"]
[Round "6.62"]
[White "Vlajic, Sasa"]
[Black "Madic, Zivko"]
[Result "1-0"]
[WhiteElo "2160"]
[BlackElo "2087"]
[PlyCount "0"]
[EventDate "2013.10.10"]

1.Nf3 Nf6 2.g3 g6 3.b3 Bg7 4.Bb2 O-O 5.Bg2 c5 6.O-O Nc6 7.d3
d5 8.Nbd2 Qc7 9.e3 e5 10.e4 d4 11.a4 Bd7 12.Nc4 b6 13.Bc1 a6
14.a5 b5 15.Nb6 Rad8 16.Bd2 Be6 17.Ng5 Bg4 18.f3 Bc8 19.f4 Bb7
20.f5 Nb8 21.fxg6 hxg6 22.Qe2 Nbd7 23.Nxd7 Qxd7 24.Bh3 Qe7 25.Rf2
Bc8 26.Raf1 Bxh3 27.Nxh3 Nh7 28.Qg4 Qd7 29.Qh4 f6 30.g4 g5 31.Qg3
Qe6 32.Kg2 c4 33.bxc4 bxc4 34.Ng1 c3 35.Bc1 Rf7 36.h4 gxh4 37.Qxh4
Bf8 38.Rf5 Rdd7 39.Nf3 Qa2 40.Qf2 Rg7 41.Kg3 Rdf7 42.Rh1 Ng5
43.Bxg5 fxg5 44.Nxg5 Rxg5 45.Rxf7 Bg7 46.Re7 1-0

[Event "DRUGA LIGA CENTRALNE SRBIJE 2013 - Istok"]
[Site "Zajecar"]
[Date "2013.10.13"]
[Round "6.63"]
[White "Pantic, Dejan"]
[Black "Tosic, Branislav"]
[Result "0-1"]
[WhiteElo "1859"]
[BlackElo "2248"]
[PlyCount "0"]
[EventDate "2013.10.10"]

1.e4 e5 2.Nf3 Nc6 3.Nc3 f5 4.d4 fxe4 5.Nxe4 d5 6.Ng3 e4 7.Ng1
Nf6 8.c3 Bd6 9.Be3 O-O 10.Be2 Qe8 11.Qd2 Qg6 12.Qd1 Ne7 13.Bh5
Nxh5 14.Qxh5 Qxh5 15.Nxh5 Nf5 16.Bc1 Nh4 17.g3 Ng6 18.Ne2 Bg4
19.Nhf4 Ne7 20.h4 c6 21.Rh2 b5 22.a3 a5 23.Bd2 Kh8 24.Ng2 b4
25.Ne3 Be6 26.a4 Rab8 27.Nc2 b3 28.Ne3 c5 29.Ng2 Nc6 30.Bf4 Bxf4
31.Nexf4 Bf7 32.dxc5 d4 33.cxd4 Nxd4 34.O-O-O Rb4 35.Ne3 Rxa4
36.Kb1 Rb8 37.Rhh1 Nc2 38.Kc1 Nxe3 39.fxe3 Ra8 40.Kd2 Rd8+ 41.Ke2 0-1

[Event "DRUGA LIGA CENTRALNE SRBIJE 2013 - Istok"]
[Site "Zajecar"]
[Date "2013.10.13"]
[Round "6.64"]
[White "Devetak, Dusan"]
[Black "Jakovljevic, Dejan"]
[Result "1-0"]
[WhiteElo "2147"]
[BlackElo "1940"]
[PlyCount "0"]
[EventDate "2013.10.10"]

1.e4 e6 2.d4 d5 3.Nc3 Bb4 4.e5 c5 5.a3 Bxc3+ 6.bxc3 Ne7 7.Nf3
Bd7 8.Bd3 c4 9.Be2 Ba4 10.O-O Nbc6 11.Re1 Qd7 12.Ra2 Nf5 13.Bf1
O-O-O 14.h3 Rde8 15.Nh2 h6 16.Ng4 h5 17.Nh2 Nce7 18.Be2 h4 19.Ng4
Ng8 20.Bg5 Ngh6 21.Nxh6 Nxh6 22.Bxh4 Ng8 23.Bg3 f5 24.exf6 gxf6
25.Bh5 Re7 26.Qf3 Reh7 27.Bg4 Re7 28.Qf4 Qc6 29.Rxe6 Rxe6 30.Bxe6+ 1-0

[Event "DRUGA LIGA CENTRALNE SRBIJE 2013 - Istok"]
[Site "Zajecar"]
[Date "2013.10.13"]
[Round "6.66"]
[White "Floricelovic, Milos *"]
[Black "Stanisavljevic, Vladan"]
[Result "1-0"]
[WhiteElo "2042"]
[BlackElo "1815"]
[PlyCount "0"]
[EventDate "2013.10.10"]

1.e4 e6 2.d4 d5 3.Nc3 dxe4 4.Nxe4 Nd7 5.Nf3 Ngf6 6.Bd3 b6 7.Bg5
Be7 8.Nxf6+ Nxf6 9.Qe2 Bb7 10.c3 h6 11.Bh4 Nd5 12.Bg3 Nf6 13.Ne5
O-O 14.O-O-O Qc8 15.Kb1 c5 16.Bc2 cxd4 17.Rxd4 Bc5 18.Rd2 Rd8
19.Rhd1 Rxd2 20.Rxd2 Bxg2 21.Ng4 Nxg4 22.Qxg4 e5 23.Bf5 Qc6 24.Bxe5
Bf8 25.f4 Be4+ 26.Kc1 Bxf5 27.Qxf5 Bc5 28.Rd7 f6 29.Qg4 Bf8 30.Bd6
Qh1+ 31.Kc2 f5 32.Qg6 Qe4+ 33.Kd2 Qe8 34.Qxf5 Rd8 35.Rxd8 Qxd8
36.Qxf8+ Qxf8 37.Bxf8 Kxf8 38.Ke3 Ke7 39.Ke4 g6 40.c4 Ke6 41.b4
a5 42.a3 Kd6 43.Kd4 a4 44.c5+ bxc5+ 45.bxc5+ Kc6 1-0